Bavaria subdivision quiz - Statistics

General Stats
  • This quiz has been taken 97 times
  • The average score is 10 of 16
Answer Stats
Bavaria trivia Answer % Correct
Capital city Munich
98%
German name for Bavaria Bayern
85%
Largest cities other than question 1 Nuremburg
81%
Countries that Bavaria borders Austria
79%
Czech Republic
73%
Augsburg
68%
Hessen
68%
Switzerland
68%
Thuringen
68%
Regensburg
62%
Sachsen
62%
What do the answers on the question above end in Burg
60%
Type Bavaria 10 times to complete the quiz BavariaBavariaBavariaBavariaBavariaBavariaBavariaBavariaBavariaBavaria
56%
Wurzburg
56%
German subdivisions that it borders Baden Wurttenburg
32%
Place which is confused by Valhalla Walhalla
14%
No matching quizzes found
Score Distribution
Percent of People with Each Score
Percentile by Number Answered
Your Score History
You have not taken this quiz